MARC details
| 000 -LEADER |
| fixed length control field |
01931cam a22003978a 4500 |
| 001 - CONTROL NUMBER |
| control field |
14991977 |
| 003 - CONTROL NUMBER IDENTIFIER |
| control field |
OSt |
| 005 - DATE AND TIME OF LATEST TRANSACTION |
| control field |
20160509114847.0 |
| 008 - FIXED-LENGTH DATA ELEMENTS--GENERAL INFORMATION |
| fixed length control field |
070831s2007 dcu b 001 0 eng |
| 010 ## - LIBRARY OF CONGRESS CONTROL NUMBER |
| LC control number |
2007036254 |
| 020 ## - INTERNATIONAL STANDARD BOOK NUMBER |
| International Standard Book Number |
9781555814885 |
| 020 ## - INTERNATIONAL STANDARD BOOK NUMBER |
| International Standard Book Number |
1555814883 |
| 035 ## - SYSTEM CONTROL NUMBER |
| System control number |
(DNLM)101315566 |
| 040 ## - CATALOGING SOURCE |
| Original cataloging agency |
DNLM/DLC |
| Transcribing agency |
DLC |
| Modifying agency |
DLC |
| 042 ## - AUTHENTICATION CODE |
| Authentication code |
pcc |
| 050 00 - LIBRARY OF CONGRESS CALL NUMBER |
| Classification number |
QR67 |
| Item number |
.C55 2007 |
| 060 10 - NATIONAL LIBRARY OF MEDICINE CALL NUMBER |
| Classification number |
WQ 25 |
| Item number |
C6415 2007 |
| 082 00 - DEWEY DECIMAL CLASSIFICATION NUMBER |
| Classification number |
616.9/041 |
| Edition number |
22 |
| 245 00 - TITLE STATEMENT |
| Title |
Clinical microbiology procedures handbook. |
| 250 ## - EDITION STATEMENT |
| Edition statement |
2nd ed. update (2007) / |
| Remainder of edition statement |
editor in chief, Lynne S. Garcia. |
| 260 ## - PUBLICATION, DISTRIBUTION, ETC. (IMPRINT) |
| Place of publication, distribution, etc. |
Washington, DC : |
| Name of publisher, distributor, etc. |
ASM Press, |
| Date of publication, distribution, etc. |
c2007. |
| 263 ## - PROJECTED PUBLICATION DATE |
| Projected publication date |
1111 |
| 300 ## - PHYSICAL DESCRIPTION |
| Extent |
p. ; |
| Dimensions |
cm. |
| 500 ## - GENERAL NOTE |
| General note |
"Editor in chief, original and second editions Henry D. Isenberg." |
| 504 ## - BIBLIOGRAPHY, ETC. NOTE |
| Bibliography, etc |
Includes bibliographical references and index. |
| 505 0# - FORMATTED CONTENTS NOTE |
| Formatted contents note |
Procedure coding, reimbursement, and billing compliance -- Specimen collection, transport, and acceptability -- Aerobic bacteriology -- Anaerobic bacteriology -- Antimicrobial susceptibility testing -- Aerobic actinomycetes -- Mycobacteriology and antimycobacterial susceptibility testing -- Mycology and antifungal susceptibility testing -- Parasitology -- Viruses and chlamydiae -- Immunology -- Molecular diagnostics -- Epidemiologic and infection control microbiology -- Quality assurance, quality control, laboratory records, and -- Water quality -- Biohazards and safety -- Bioterrorism. |
| 590 ## - LOCAL NOTE (RLIN) |
| Local note |
"LC copy not updated." |
| 650 #0 - SUBJECT ADDED ENTRY--TOPICAL TERM |
| Topical term or geographic name as entry element |
Diagnostic microbiology |
| Form subdivision |
Laboratory manuals. |
| 650 12 - SUBJECT ADDED ENTRY--TOPICAL TERM |
| Topical term or geographic name as entry element |
Microbiological Techniques |
| General subdivision |
methods |
| Form subdivision |
Laboratory Manuals. |
| 700 1# - ADDED ENTRY--PERSONAL NAME |
| Personal name |
Garcia, Lynne Shore. |
| 700 1# - ADDED ENTRY--PERSONAL NAME |
| Personal name |
Isenberg, Henry D. |
| 856 41 - ELECTRONIC LOCATION AND ACCESS |
| Materials specified |
Table of contents only |
| Uniform Resource Identifier |
<a href="http://www.loc.gov/catdir/toc/ecip0726/2007036254.html">http://www.loc.gov/catdir/toc/ecip0726/2007036254.html</a> |
| 906 ## - LOCAL DATA ELEMENT F, LDF (RLIN) |
| a |
0 |
| b |
rix |
| c |
orignew |
| d |
1 |
| e |
ecip |
| f |
20 |
| g |
y-gencatlg |
| 942 ## - ADDED ENTRY ELEMENTS (KOHA) |
| Source of classification or shelving scheme |
Library of Congress Classification |
| Koha item type |
General circulation |